Datum a čas kvízu
25
Celkem bodů
Celkový počet nahraných bodů na tomto kvízu bez doplňovacích otázek.
15.
Pořadí na kvízu
Konečné umístění týmu na tomto kvízu.
Zaznamenané odpovědi
| # | Otázka | Odpověď | Body | Výsledky |
|---|---|---|---|---|
| 1. | Ve kterém státě je úředním jaz... | v Indii | 0 | |
| 2. | Vyberte z uvedených rakouských... | A | 0 | |
| 3. | Které africké zemi patří tento... | Tanzanie, Dodoma | 0 | |
| 4. | Nejspíše každá dětská duše se... | Dánsko, Ninjago | 1 | |
| 5. | Mapy.cz nabízí zobrazení někol... | dopravní | 1 | |
| 6. | Jak se jmenoval nizozemský oft... | Herman Snellen | 0 | |
| 7. | Které jednoslovné, v češtině n... | Buran | 1 | |
| 8. | Uveďte latinský název chemické... | kalium | 1 | |
| 9. | Americká asociace pro rozvoj v... | Science/Science Magazine | 1 | |
| 10. | Která třípísmenná zkratka vych... | DSG | 0 |